000
00339nam a2200145Ia 4500
008
230718s9999 xx 000 0 und d
041
_a
Eng.
082
_a
343.052
_b
MAH-M
100
_a
Mahmood Zahid
245
0
_a
manual of insurance law
260
_a
Pakistan
_b
National law book
_c
2003
300
_a
632
650
_a
Law
999
_c
29769
_d
29769